[Event "Karl Mala Memorial op 12th"]
[Site "Frankfurt"]
[Date "2009.07.16"]
[Round "1"]
[White "Rafiee, Kayvan"]
[Black "Schenk, Felix"]
[Result "1-0"]
[WhiteElo "1959"]
[BlackElo "1384"]
[PlyCount "63"]
[EventDate "2009.07.16"]
[EventType "swiss"]
[EventRounds "7"]
[EventCountry "GER"]
[SourceTitle "EXT 2010"]
[Source "ChessBase"]
[SourceDate "2010.11.25"]
[SourceVersion "1"]
[SourceVersionDate "2010.11.25"]
[SourceQuality "1"]

1. e4 c5 2. Nf3 Nc6 3. d4 cxd4 4. Nxd4 g6 5. c4 Nf6 6. Nc3 d6 7. Be2 Nxd4 8. Qxd4 Bg7 9. Be3 0-0 10. Qd2 Qa5 11. 0-0 Be6 12. f3 a6 13. Nd5 Qxd2 14. Nxe7+ Kh8 15. Bxd2 Nd7 16. Rab1 Ne5 17. Nd5 Rac8 18. Rfc1 Bxd5 19. cxd5 b5 20. b3 Nd7 21. Rc6 Rxc6 22. dxc6 Bd4+ 23. Kf1 Ne5 24. c7 Bb6 25. Rc1 Rc8 26. f4 Nd7 27. Bg4 f5 28. exf5 Rxc7 29. Rxc7 Bxc7 30. Bc3+ Kg8 31. fxg6 Nf8 32. g7 1-0

[Event "Berlin op 05"]
[Site "Berlin"]
[Date "2006.05.27"]
[Round "6"]
[White "Peil, Dominik"]
[Black "Schenk, Felix"]
[Result "0-1"]
[WhiteElo "1108"]
[BlackElo "1105"]
[PlyCount "82"]
[EventDate "2006.05.24"]
[EventType "swiss"]
[EventRounds "7"]
[EventCountry "GER"]
[SourceTitle "EXT 2007"]
[Source "ChessBase"]
[SourceDate "2006.11.23"]
[SourceVersion "1"]
[SourceVersionDate "2006.11.23"]
[SourceQuality "1"]

1. e4 c5 2. c3 e6 3. d4 cxd4 4. cxd4 d5 5. e5 Nc6 6. Nf3 Qb6 7. Nc3 Nge7 8. Be3 Nf5 9. Qb3 Qxb3 10. axb3 a6 11. Be2 Nxe3 12. fxe3 Be7 13. 0-0 0-0 14. Bd3 Nb4 15. Rad1 Bd7 16. Na4 Nxd3 17. Nb6 Rad8 18. Nxd7 Rxd7 19. Rxd3 Bb4 20. Rc1 Rdd8 21. Rc7 Rb8 22. Rd1 f6 23. exf6 Rxf6 24. Rdc1 Rf7 25. Rxf7 Kxf7 26. Ng5+ Kf6 27. h4 Bd2 28. Rd1 Bxe3+ 29. Kh2 Bxg5 30. hxg5+ Kxg5 31. Re1 Re8 32. Kg3 g6 33. Re5+ Kf6 34. Kg4 Rc8 35. Kf3 Rc2 36. Re2 Rxe2 37. Kxe2 b5 38. Kd3 b4 39. g3 Kf5 40. Ke3 Kg4 41. Kf2 h5 0-1